000 00333nam a2200133Ia 4500
008 140626s9999 xx 000 0 und d
100 _aLytle, Tamara
245 _aPerfecting the HR Recipe at Campbell /
_cTamara Lytle.
260 _cc2012.
300 _a57 : 9, page 58
440 _aHR Magazine
521 _aBSBA
942 _cSE
999 _c121480
_d121480